Minecraft Buckets - Statistics

General Stats
  • This quiz has been taken 33 times
  • The average score is 7 of 11
Answer Stats
Answer % Correct
Lava Bucket
97%
Water Bucket
97%
Bucket
77%
Milk Bucket
77%
Bucket of Salmon
50%
Powder Snow Bucket
50%
Bucket of Axolotl
47%
Bucket of Cod
47%
Bucket of Pufferfish
47%
Bucket of Tropical Fish
43%
Bucket of Tadpole
37%
No matching quizzes found
Score Distribution
Percent of People with Each Score
Percentile by Number Answered
Your Score History
You have not taken this quiz